| 000 | 00750nam a2200229 i 4500 | ||
|---|---|---|---|
| 001 | 27107 | ||
| 003 | ES-MaACL | ||
| 005 | 20251001180132.0 | ||
| 007 | t| | ||
| 008 | 171222s1973 sp ||||1| spa d | ||
| 020 | _a84-7140-057-X | ||
| 100 | 0 |
_aWhiting, Charles. _9116704 |
|
| 245 | 1 | 0 |
_aSkorzeny / _cCharles Whiting ; [traductor, Diorki]. |
| 260 |
_aMadrid : _bEditoral San Martin, _c[1973] |
||
| 300 |
_a160 p. : _bil. ; _c21 cm. |
||
| 490 | 1 |
_aHistoria de la Segunda Guerra Mundial. Personajes ; _v2 |
|
| 600 | 1 | 4 |
_aSkorzeny, Otto, _d1908-1975 _9106756 |
| 650 | 0 | 4 |
_aGuerra mundial, 1939-1945. _913228 |
| 830 | 0 |
_aHistoria de la Segunda Guerra Mundial. Personajes ; _v2 _9229198 |
|
| 852 |
_aES-MaACL _jG-57 |
||
| 999 |
_c27107 _d27107 |
||